00540 2200205 4500001002100000005001500021008004100036020001800077035001900095041000700114082001000121090001600131100001700147245004000164250001000204260002900214300004000243650003200283990001900315INLIS00000000001659120241224115143241224||||||||| | ||| |||| || |  a979-7564-81-9 0010-1224016591 aid0 a133.4 a133.4 TRI b0 aanan hajid t00abenda-benda bertuah masyarakat jawa aCet.1 aJogjakartabnarasic2005 aviii + 103 hlm ,; 13,5 cm x 19,5 cm 0aAdat Istiadat Dan Kebiasaan a05.17.01.01.10